Sports Quiz

Random Sports Quiz

Sport by Boundary Lines Quiz Stats

 Plays Quiz Updated Jun 8, 2018

Also try: Sport by Numbers
Challenge
Share
Tweet
Score 0/20 Timer 05:00
13 Plays Today
# Sport % Correct
1Basketball
98.9%
5Baseball
96.7%
2Association football
96.6%
6American football
94.7%
14Tennis
71.4%
16Ice Hockey
69.7%
19Four Square
64.8%
13Shuffleboard
58%
3Field Hockey
56.7%
10Curling
51.7%
# Sport % Correct
4Volleyball
39.2%
11Cricket
25.1%
8Rugby
20.4%
7Badminton
19%
17Handball
15.9%
12Lacrosse
15.5%
9Australian Football
14.9%
18Racquetball
8.1%
20Hurling/Gaelic Football
4%
15Ultimate Frisbee
2.3%

You're not logged in!

Compare scores with friends on all Sporcle quizzes.
Join for Free
OR
Log In

You Might Also Like...

Show Comments

Extras

Top Quizzes Today


Score Distribution

Your Account Isn't Verified!

In order to create a playlist on Sporcle, you need to verify the email address you used during registration. Go to your Sporcle Settings to finish the process.

Report this User

Report this user for behavior that violates our Community Guidelines.

Details: